Japanese Location Words Quiz - Statistics

General Stats
  • This quiz has been taken 19 times
  • The average score is 8 of 13
Answer Stats
Hint Answer % Correct
Right Migi
100%
Above/On Ue
91%
This place Koko
73%
Under Shita
73%
That place near you Soko
73%
That place over there Asoko
64%
Front Mae
64%
Inside Naka
64%
Back Ushiro
64%
Next Tonari
55%
Near Chikaku
45%
Between Aida
27%
Left Hidori
27%
No matching quizzes found
Score Distribution
Percent of People with Each Score
Percentile by Number Answered
Your Score History
You have not taken this quiz